The Naked Sun (Record no. 8783)

MARC details
000 -LEADER
fixed length control field 00297nam a2200133Ia 4500
008 - FIXED-LENGTH DATA ELEMENTS--GENERAL INFORMATION
fixed length control field 260604s9999 xx 000 0 und d
020 ## - INTERNATIONAL STANDARD BOOK NUMBER
International Standard Book Number 9780008277772
082 ## - DEWEY DECIMAL CLASSIFICATION NUMBER
Classification number 813.5 ASI
100 ## - MAIN ENTRY--PERSONAL NAME
Personal name Isaac asimov
9 (RLIN) 35942
245 #0 - TITLE STATEMENT
Title The Naked Sun
260 ## - PUBLICATION, DISTRIBUTION, ETC.
Name of publisher, distributor, etc. HarperCollins
500 ## - GENERAL NOTE
General note Sun
942 ## - ADDED ENTRY ELEMENTS (KOHA)
Koha item type Book
Holdings
Date last seen Total Checkouts Full call number Barcode Cost, replacement price Price effective from Koha item type Lost status Damaged status Not for loan Withdrawn status Home library Current library Shelving location Date acquired Cost, normal purchase price BOOK NO
06/04/2026   813.5 ASI 004401 499.00 06/04/2026 Book         Indian Institute of Management Visakhapatnam Indian Institute of Management Visakhapatnam   06/04/2026 499.00 ASI

Copyright © 2024 Indian Institute of Management Visakhapatnam
Koha v23.05